000 00684nam a22002177a 4500
003 UA-OsUOA
001 125908
007 ta
008 20171002b un ||||| |||| 00| 0 ukr d
100 _aВіленчук О. М.
090 _a330(477)
_bВ55
942 _cSA
040 _aUA-OsUOA
_bukr
_cUA-OsUOA
_dUA-OsUOA
245 _aОцінка потенціалу розвитку страхування сільськогосподарської продукції в Україні
300 _aС.56-65
955 _a0
041 _aukr
080 _a330(477)
773 0 _w125905
_tЕкономіка АПК
_dК.
_d2017
_g8
650 7 _a330 Економіка взагалі
_2UDC
999 _c413133
_d413133